[Event "Vienna Advent op"]
[Site "Vienna"]
[Date "2023.12.17"]
[Round "7"]
[White "Wickramasinghe, Nathaniel"]
[Black "Karkovic, Mate"]
[Result "0-1"]
[WhiteElo "1863"]
[BlackElo "1826"]
[PlyCount "58"]
[EventDate "2023.12.11"]
[EventType "swiss"]
[EventRounds "7"]
[EventCountry "AUT"]
[SourceTitle "CB51_2023"]
[SourceDate "2023.12.20"]
[SourceVersion "1"]
[SourceVersionDate "2023.12.20"]
[SourceQuality "1"]

1. e4 c5 2. Nf3 Nc6 3. d4 cxd4 4. Nxd4 Nf6 5. Nc3 e5 6. Ndb5 d6 7. Bg5 a6 8. Na3 b5 9. Bxf6 gxf6 10. Nd5 f5 11. Bd3 Be6 12. c3 Bxd5 13. exd5 Ne7 14. Nxb5 Bg7 15. Na3 e4 16. Bc2 Rb8 17. Ba4+ Kf8 18. Bb3 Ng6 19. Rg1 Nf4 20. Nc4 Nd3+ 21. Kf1 Qh4 22. Qc2 f4 23. Nxd6 f3 24. Nf5 fxg2+ 25. Rxg2 Qh3 26. Nxg7 Rg8 27. Kg1 Rxg7 28. Rxg7 Kxg7 29. Kh1 Qf3+ 0-1

[Event "Padova op-A 17th"]
[Site "Padova"]
[Date "2014.12.21"]
[Round "9.25"]
[White "Fregonese, Giulio"]
[Black "Karkovic, Mate"]
[Result "0-1"]
[WhiteElo "2129"]
[BlackElo "1999"]
[PlyCount "84"]
[EventDate "2014.12.14"]
[EventType "swiss"]
[EventRounds "9"]
[EventCountry "ITA"]
[SourceTitle "EXT 2024"]
[Source "ChessBase"]
[SourceDate "2023.10.10"]
[SourceVersion "1"]
[SourceVersionDate "2023.10.10"]
[SourceQuality "1"]

1. e4 c5 2. c3 e6 3. d4 d5 4. e5 Nc6 5. Nf3 c4 6. b3 b5 7. a4 Na5 8. Nbd2 b4 9. cxb4 Bxb4 10. bxc4 dxc4 11. Ba3 Rb8 12. Bxb4 Rxb4 13. Be2 Bb7 14. Qc2 Ne7 15. 0-0 0-0 16. Rfb1 Bxf3 17. Nxf3 Nb3 18. Qa2 a5 19. Bxc4 Nxa1 20. Rxa1 Nd5 21. Bd3 h6 22. Qd2 Qe7 23. h4 Rc8 24. Kh2 Kf8 25. g3 Qc7 26. Qe2 Qc3 27. Ra2 Qb3 28. Rc2 Rxc2 29. Bxc2 Qc4 30. Bd3 Qc3 31. Be4 Qc6 32. Bc2 Rb2 33. Ne1 Nb4 34. d5 Qxd5 35. Qe3 Nxc2 36. Qc3 Qb7 37. Nxc2 Kg8 38. Qc5 Rb1 39. g4 Qf3 40. Qc8+ Kh7 41. Ne1 Rxe1 42. Qc2+ g6 0-1

[Event "Padova op-A 17th"]
[Site "Padova"]
[Date "2014.12.16"]
[Round "4.24"]
[White "Karkovic, Mate"]
[Black "Sonis, Francesco"]
[Result "0-1"]
[WhiteElo "1999"]
[BlackElo "2206"]
[PlyCount "152"]
[EventDate "2014.12.14"]
[EventType "swiss"]
[EventRounds "9"]
[EventCountry "ITA"]
[SourceTitle "EXT 2024"]
[Source "ChessBase"]
[SourceDate "2023.10.10"]
[SourceVersion "1"]
[SourceVersionDate "2023.10.10"]
[SourceQuality "1"]

1. d4 Nf6 2. Nf3 c5 3. d5 b5 4. a4 Qa5+ 5. Bd2 b4 6. c4 d6 7. Qc2 g6 8. e4 Nbd7 9. h3 Bg7 10. Be2 Bb7 11. Ng5 h6 12. Nf3 a6 13. Ra3 Qc7 14. Re3 Nh5 15. g3 Nhf6 16. b3 Nh7 17. Bc1 Ng5 18. Bb2 Nxf3+ 19. Bxf3 Bd4 20. Be2 Ne5 21. f4 Bxe3 22. fxe5 dxe5 23. Qd3 Bg5 24. h4 Bf6 25. Bc1 a5 26. Be3 Bc8 27. g4 Bd7 28. Bf3 Bg7 29. Rg1 Qd6 30. Qe2 e6 31. Nd2 Rc8 32. Kd1 Qe7 33. Bf2 Kd8 34. Qd3 Kc7 35. Nf1 Kb7 36. Ne3 Rhf8 37. Ke2 Rfd8 38. Kf1 Kb6 39. Rg2 Bc6 40. Qc2 Bb7 41. Be1 Rd7 42. Bg3 Rf8 43. Ke2 Ba6 44. Ke1 Bh8 45. Rf2 Bb7 46. Re2 Rg8 47. Bf2 Bf6 48. Ng2 Qd8 49. Qc1 Rh8 50. Qe3 Be7 51. Rd2 Qc7 52. Kf1 f5 53. gxf5 gxf5 54. dxe6 Rxd2 55. Qxd2 fxe4 56. Be2 Rf8 57. Ke1 Qc6 58. Qd7 Qxd7 59. exd7 Kc7 60. Bg4 Bc6 61. Ne3 h5 62. Be6 Bxd7 63. Nd5+ Kd6 64. Bxd7 Kxd7 65. Nxe7 Rxf2 66. Kxf2 Kxe7 67. Ke3 Kf6 68. Kxe4 Ke6 69. Ke3 Kf5 70. Kf3 e4+ 71. Ke3 Ke5 72. Ke2 Kd4 73. Kd2 e3+ 74. Ke2 Ke4 75. Ke1 Kd3 76. Kd1 Kc3 0-1

[Event "Padova op-A 17th"]
[Site "Padova"]
[Date "2014.12.14"]
[Round "1.20"]
[White "Bonafede, Alessandro"]
[Black "Karkovic, Mate"]
[Result "1-0"]
[WhiteElo "2339"]
[BlackElo "1999"]
[PlyCount "135"]
[EventDate "2014.12.14"]
[EventType "swiss"]
[EventRounds "9"]
[EventCountry "ITA"]
[SourceTitle "EXT 2024"]
[Source "ChessBase"]
[SourceDate "2023.10.10"]
[SourceVersion "1"]
[SourceVersionDate "2023.10.10"]
[SourceQuality "1"]

1. e4 c5 2. b4 d6 3. bxc5 dxc5 4. Bb2 a6 5. g3 Nc6 6. Bg2 h5 7. Nf3 Bg4 8. h3 Bxf3 9. Bxf3 Qb6 10. Qc1 Nd4 11. Bg2 g6 12. Nc3 e6 13. a4 Bg7 14. a5 Qc7 15. h4 Ne7 16. 0-0 Nec6 17. Re1 0-0 18. Ne2 Nxa5 19. Nxd4 cxd4 20. d3 Nc6 21. f4 Nb4 22. Ra4 a5 23. e5 Rac8 24. Qb1 Rfd8 25. Rc1 Bf8 26. Be4 b5 27. Ra1 Qb6 28. Kg2 Nd5 29. Kf3 Ne3 30. Ra2 Bb4 31. Ba1 Bc3 32. Bxc3 dxc3 33. Re1 Ng4 34. Re2 Rd4 35. Ra3 a4 36. Ra1 Qc5 37. Qa2 Kg7 38. Qb1 Rb4 39. Qd1 Rd8 40. Qg1 Qxg1 41. Rxg1 Rb2 42. Ra1 Kf8 43. Ra3 Rc8 44. d4 Rc4 45. d5 exd5 46. Bxd5 Rd4 47. Be4 b4 48. Rxa4 Rb1 49. e6 Rdd1 50. e7+ Kxe7 51. Bxg6+ Kf8 52. Bxh5 Nf6 53. Ra5 Rd2 54. Ke3 Nxh5 55. Rxh5 Rbd1 56. Rb5 Rxe2+ 57. Kxe2 Rd2+ 58. Kf3 Rxc2 59. Rxb4 Rc1 60. Rc4 c2 61. Kg4 Kg7 62. Rc6 f6 63. Kf5 Rg1 64. Rxc2 Rxg3 65. Rc7+ Kh6 66. Rf7 Rf3 67. Kg4 Kg6 68. Rxf6+ 1-0

[Event "Podturen Mavrin Memorial"]
[Site "Podturen"]
[Date "2013.01.06"]
[Round "6"]
[White "Karkovic, Mate"]
[Black "Cavlek, Marko"]
[Result "1-0"]
[WhiteElo "2007"]
[BlackElo "1771"]
[PlyCount "67"]
[EventDate "2013.01.03"]
[EventType "swiss"]
[EventRounds "7"]
[EventCountry "CRO"]
[SourceTitle "CBM 152 Extra"]
[Source "ChessBase"]
[SourceDate "2013.02.25"]
[SourceVersion "1"]
[SourceVersionDate "2013.02.25"]
[SourceQuality "1"]

1. d4 d5 2. c4 e6 3. Nf3 Nf6 4. g3 c6 5. Bg2 Bd6 6. 0-0 Ne4 7. Nbd2 f5 8. e3 Nd7 9. Re1 Ndf6 10. Nf1 g5 11. Ne5 g4 12. f3 gxf3 13. Bxf3 h5 14. Ng6 Rh6 15. c5 Bc7 16. Nh4 Qe7 17. Re2 Bd7 18. Bd2 Rd8 19. b4 Kf7 20. Qb3 Rg8 21. Rg2 e5 22. Re1 Nxd2 23. Nxd2 exd4 24. e4 Ng4 25. Kh1 Ne3 26. exd5 cxd5 27. Bxd5+ Be6 28. Rxe3 dxe3 29. Nxf5 Qf6 30. Bxe6+ Kf8 31. Qxe3 Qxe6 32. Qxh6+ Qxh6 33. Nxh6 Rg5 34. Rf2+ 1-0

[Event "Zagreb op-B"]
[Site "Zagreb"]
[Date "2012.03.06"]
[Round "2"]
[White "Kljako, Damir"]
[Black "Karkovic, Mate"]
[Result "1/2-1/2"]
[WhiteElo "2185"]
[BlackElo "2024"]
[PlyCount "39"]
[EventDate "2012.03.05"]
[EventType "swiss"]
[EventRounds "9"]
[EventCountry "CRO"]
[SourceTitle "CBM 147 Extra"]
[Source "ChessBase"]
[SourceDate "2012.04.24"]
[SourceVersion "1"]
[SourceVersionDate "2012.04.24"]
[SourceQuality "1"]

1. d4 d5 2. c4 e6 3. Nc3 Nf6 4. Bg5 c6 5. cxd5 exd5 6. e3 Bd6 7. Bd3 h6 8. Bh4 Nbd7 9. Nge2 0-0 10. Bg3 Be7 11. h3 Re8 12. 0-0 Bf8 13. Qc2 b6 14. Rfd1 Bb7 15. Rac1 Rc8 16. Qb1 Qe7 17. a3 a6 18. Bh4 Qd6 19. Bg3 Qe7 20. Bh4 1/2-1/2